[路線図付き] JR東日本 水戸線 駅名穴埋めクイズ - Statistics

General Stats
  • This quiz has been taken 832 times
  • The average score is 14 of 21
Answers on the Map
Answers color-coded by a green-red scale on the quiz's map according to % correct below.
 
Answer Stats
Answer % Correct
水戸線 水戸
96%
水戸線 小山
94%
水戸線 友部
91%
水戸線 下館
82%
水戸線 勝田
82%
水戸線 結城
80%
水戸線 偕楽園
75%
水戸線 東結城
73%
水戸線 笠間
72%
水戸線 小田林
71%
水戸線 赤塚
68%
水戸線 内原
61%
水戸線 宍戸
58%
水戸線 岩瀬
56%
水戸線 大和
54%
水戸線 羽黒
53%
水戸線 稲田
46%
水戸線 川島
45%
水戸線 新治
45%
水戸線 福原
44%
水戸線 玉戸
42%
No matching quizzes found
Score Distribution
Percent of People with Each Score
Percentile by Number Answered
Your Score History
You have not taken this quiz